000 00796nam a22002177a 4500
003 UA-OsUOA
001 108701
007 ta
008 20141104b un ||||| |||| 00| 0 ukr d
100 _aБогдан Т.
090 _a330(477)
_bБ73
942 _cSA
040 _aUA-OsUOA
_bukr
_cUA-OsUOA
_dUA-OsUOA
245 _aЗалучення й використання зовнішньої фінансової допомоги в контексті поточних економічних проблем та історичного досвіду реалзації "Плану Маршалла"
300 _aС.4-9
955 _a0
041 _aukr
080 _a330(477)
773 0 _w108700
_tЕкономіст
_dК.
_d2014
_g9
650 7 _a330 Економіка взагалі
_2UDC
999 _c395133
_d395133